<?xml version="1.0" encoding="UTF-8"?><?xml-stylesheet type="text/xsl" href="static/style.xsl"?><OAI-PMH xmlns="http://www.openarchives.org/OAI/2.0/" xmlns:xsi="http://www.w3.org/2001/XMLSchema-instance" xsi:schemaLocation="http://www.openarchives.org/OAI/2.0/ http://www.openarchives.org/OAI/2.0/OAI-PMH.xsd"><responseDate>2026-04-17T05:55:19Z</responseDate><request verb="GetRecord" identifier="oai:www.recercat.cat:2117/124516" metadataPrefix="marc">https://recercat.cat/oai/request</request><GetRecord><record><header><identifier>oai:recercat.cat:2117/124516</identifier><datestamp>2026-02-11T01:35:16Z</datestamp><setSpec>com_2072_1033</setSpec><setSpec>col_2072_452949</setSpec></header><metadata><record xmlns="http://www.loc.gov/MARC21/slim" xmlns:dcterms="http://purl.org/dc/terms/" xmlns:xsi="http://www.w3.org/2001/XMLSchema-instance" xmlns:doc="http://www.lyncode.com/xoai" xsi:schemaLocation="http://www.loc.gov/MARC21/slim http://www.loc.gov/standards/marcxml/schema/MARC21slim.xsd">
   <leader>00925njm 22002777a 4500</leader>
   <datafield ind2=" " ind1=" " tag="042">
      <subfield code="a">dc</subfield>
   </datafield>
   <datafield ind2=" " ind1=" " tag="720">
      <subfield code="a">Psegiannaki, Katerina</subfield>
      <subfield code="e">author</subfield>
   </datafield>
   <datafield ind2=" " ind1=" " tag="720">
      <subfield code="a">García Triviño, Francisco</subfield>
      <subfield code="e">author</subfield>
   </datafield>
   <datafield ind2=" " ind1=" " tag="720">
      <subfield code="a">García García, Míriam</subfield>
      <subfield code="e">author</subfield>
   </datafield>
   <datafield ind2=" " ind1=" " tag="260">
      <subfield code="c">2018-11</subfield>
   </datafield>
   <datafield ind2=" " ind1=" " tag="520">
      <subfield code="a">El taller “Renaturalización del Gran San Blas” se presenta como proyecto docente&#xd;
interdisciplinar donde el factor tiempo es un requerimiento de diseño decisivo para&#xd;
trabajar con el paisaje en la ciudad. Llevado a cabo durante tres días, involucró a&#xd;
estudiantes de diferentes nacionalidades -de la Universidad de Saxion (Holanda) y&#xd;
la Universidad Camilo José Cela (España)- que trabajaron con una herramienta&#xd;
digital no incorporada en su currículo académico. La condición especial de trabajar&#xd;
con una línea temporal para construir escenarios de renaturalización de un barrio,&#xd;
permitió crear un interés común entre los diferentes estudiantes. El factor tiempo,&#xd;
trabajado desde un pensamiento divergente, haciendo uso de diferentes&#xd;
referencias paisajísticas, y un pensamiento convergente, haciendo uso de&#xd;
múltiples datos reales que ofreció el ayuntamiento de Madrid, permitió concretar&#xd;
las propuestas en el corto espacio de tiempo del taller.</subfield>
   </datafield>
   <datafield ind2=" " ind1=" " tag="520">
      <subfield code="a">The workshop "Renaturalization of Gran San Blas" is presented as an&#xd;
interdisciplinary teaching project where “time” is a decisive design requirement to&#xd;
work with the landscape in the city. It was carried out during three days in which&#xd;
students from different nationalities -from the University of Saxion (The&#xd;
Netherlands) and from the University Camilo José Cela (Spain)- worked with a&#xd;
digital tool not included in their academic curriculum. The most special condition of&#xd;
the workshop was having to work with a timeline which represents the&#xd;
renaturalization scenarios of the neighborhood and which allowed to create a&#xd;
common interest among students. The factor of time, has been treated from a&#xd;
divergent thinking, making use of different landscape references, and from a&#xd;
convergent thinking, making use of multiple real data offered by the City Council of&#xd;
Madrid. This approach allowed students to achieve their proposals in the short time&#xd;
of the workshop.</subfield>
   </datafield>
   <datafield ind2=" " ind1=" " tag="520">
      <subfield code="a">Peer Reviewed</subfield>
   </datafield>
   <datafield tag="653" ind2=" " ind1=" ">
      <subfield code="a">Àrees temàtiques de la UPC::Arquitectura</subfield>
   </datafield>
   <datafield tag="653" ind2=" " ind1=" ">
      <subfield code="a">Àrees temàtiques de la UPC::Ensenyament i aprenentatge::Ensenyament universitari</subfield>
   </datafield>
   <datafield tag="653" ind2=" " ind1=" ">
      <subfield code="a">Architecture -- Study and teaching (Higher)</subfield>
   </datafield>
   <datafield tag="653" ind2=" " ind1=" ">
      <subfield code="a">Ciudad</subfield>
   </datafield>
   <datafield tag="653" ind2=" " ind1=" ">
      <subfield code="a">Paisaje</subfield>
   </datafield>
   <datafield tag="653" ind2=" " ind1=" ">
      <subfield code="a">Interdisciplinar</subfield>
   </datafield>
   <datafield tag="653" ind2=" " ind1=" ">
      <subfield code="a">Herramienta</subfield>
   </datafield>
   <datafield tag="653" ind2=" " ind1=" ">
      <subfield code="a">Tiempo</subfield>
   </datafield>
   <datafield tag="653" ind2=" " ind1=" ">
      <subfield code="a">City</subfield>
   </datafield>
   <datafield tag="653" ind2=" " ind1=" ">
      <subfield code="a">Landscape</subfield>
   </datafield>
   <datafield tag="653" ind2=" " ind1=" ">
      <subfield code="a">Interdisciplinary</subfield>
   </datafield>
   <datafield tag="653" ind2=" " ind1=" ">
      <subfield code="a">Tool</subfield>
   </datafield>
   <datafield tag="653" ind2=" " ind1=" ">
      <subfield code="a">Time</subfield>
   </datafield>
   <datafield tag="653" ind2=" " ind1=" ">
      <subfield code="a">Arquitectura -- Ensenyament universitari -- Espanya -- Madrid</subfield>
   </datafield>
   <datafield ind2="0" ind1="0" tag="245">
      <subfield code="a">Aprendiendo del paisaje: el tiempo como factor de renaturalización de la ciudad</subfield>
   </datafield>
   <datafield ind2="0" ind1="0" tag="245">
      <subfield code="a">Learning from landscape: time as an element of&#xd;
renaturalization of the city</subfield>
   </datafield>
</record></metadata></record></GetRecord></OAI-PMH>